|
|
|
|
| LEADER |
01561nam a2200421 a 4500 |
| 001 |
000576160 |
| 003 |
CZ BrMZK |
| 005 |
20090728111238.0 |
| 007 |
ta |
| 008 |
011029s2001 xr e acze d |
| 015 |
|
|
|a cnb001029157
|
| 020 |
|
|
|a 80-238-7572-8
|
| 035 |
|
|
|a (OCoLC)50342921
|
| 040 |
|
|
|a BOA001
|b cze
|
| 043 |
|
|
|a e-xr---
|
| 045 |
|
|
|a x-x-
|
| 072 |
|
7 |
|a 78.07
|x Hudebníci, skladatelé a jiná hudební povolání
|2 Konspekt
|9 9
|
| 072 |
|
7 |
|a 929
|x Biografie
|2 Konspekt
|9 8
|
| 080 |
|
|
|a 929
|2 MRF
|
| 080 |
|
|
|a 78.071.2
|2 MRF
|
| 080 |
|
|
|a (437.3)
|2 MRF
|
| 080 |
|
|
|a (0:82-94)
|2 MRF
|
| 100 |
1 |
|
|a Boženek, Karel,
|d 1938-2022
|7 mzk2002145147
|4 aut
|
| 245 |
1 |
0 |
|a Zdeněk Jágr tenor, sólista opery Slezského divadla v Opavě :
|b 18.9.1931-17.12.1998 /
|c text připravili: Karel Boženek a Olga Procházková
|
| 260 |
|
|
|a Opava :
|b Verbum,
|c 2001
|
| 300 |
|
|
|a [16] s. :
|b il. ;
|c 21 cm
|
| 500 |
|
|
|a Vydáno k nedožitým sedmdesátinám
|
| 500 |
|
|
|a Název z obálky
|
| 600 |
1 |
7 |
|a Jágr, Zdeněk,
|d 1931-1998
|7 jo2001100164
|2 czenas
|
| 648 |
|
7 |
|a 20. století
|7 ch460558
|2 czenas
|
| 650 |
0 |
7 |
|a operní zpěváci
|7 ph123759
|z Česko
|y 20. stol.
|2 czenas
|
| 655 |
|
7 |
|a autobiografické vzpomínky
|7 fd131854
|2 czenas
|
| 700 |
1 |
|
|a Procházková, Olga,
|d 1957-
|7 ola2006323599
|4 aut
|
| 700 |
1 |
|
|a Jágr, Zdeněk,
|d 1931-1998
|7 jo2001100164
|4 hnr
|
| 710 |
2 |
|
|a Slezské divadlo Opava
|7 kn20020321526
|
| 910 |
|
|
|a BOA001
|b 2-1092.256
|
| 990 |
|
|
|a BK
|
| 996 |
6 |
|
|b 2610145867
|c 2-1092.256
|l MZK
|r Sklad / do 1 hodiny
|n 1
|p p.v.
|w 000576160
|u 000010
|a 1
|e BOA001
|j MZK50
|s P
|